000 00514nam a2200169Ia 4500
999 _c24727
_d24727
003 OSt
005 20210111091216.0
008 190216s9999||||xx |||||||||||||| ||und||
040 _coclc
082 _a894.81201
_bCHU/B
100 _aChummar, T M
_96902
245 0 _aBhasha Gadya Sahithya Charitram /
_cT M Chummar
260 _bNational Book Stall,
_aKottayam:
_c1955.
300 _a651p
650 _aMalayalam-Malayalam Language
942 _cBK
_2ddc
_h894.81201
_iCHU/B
_k894.81201
_mCHU/B